000 00690nam a2200229 a 4500
005 20240912063841.0
008 120615s2008 ag r 000 0 spa d
020 _a9789870409762
035 _aUPN01000185172
049 _aI
050 4 _aPZ75
_bP4.7
100 1 _aPescetti, Luis María,
_d1958-
_930469
245 1 0 _aQuerido diario :
_bNatacha /
_cLuis María Pescetti ; il. Pablo Fernández.
260 _aBuenos Aires :
_bAlfaguara,
_cc2008.
300 _a138 p. :
_bil.
440 0 _aAlfaguara Infantil
650 4 _aCuentos infantiles argentinos
_97466
650 4 _aDiarios y niños
_912416
905 _aInfantil
999 _c157275
_d157275